Most Capped Premiership Footballers - Statistics

General Stats
  • This quiz has been taken 1,203 times
  • The average score is 9 of 20
Answer Stats
Caps Nationality Answer % Correct
620 Welsh Ryan Giggs
97%
553 English Frank Lampard
81%
439 English Steven Gerrard
80%
499 English Paul Scholes
76%
478 English Rio Ferdinand
58%
441 English Alan Shearer
57%
505 English Philip Neville
55%
447 American Brad Friedel
43%
535 Welsh Gary Speed
43%
497 English Gareth Barry
41%
504 Australian Mark Schwarzer
40%
572 English David James
37%
509 English Jamie Carragher
35%
418 English Teddy Sheringham
27%
440 Irish Shay Given
26%
503 English Sol Campbell
23%
442 Northern Irish Aaron Hughes
16%
516 English Emile Heskey
16%
442 English Kevin Davies
6%
425 English Gareth Southgate
3%
No matching quizzes found
Score Distribution
Percent of People with Each Score
Percentile by Number Answered
Your Score History
You have not taken this quiz